| 000 | 00620nam a22002297a 4500 | ||
|---|---|---|---|
| 003 | OSt | ||
| 005 | 20160413131622.0 | ||
| 008 | 160413b xxu||||| |||| 00| 0 eng d | ||
| 020 | _a0750622652 | ||
| 040 | _cDNLM | ||
| 082 | _aWB460 P569j 2004 | ||
| 100 |
_aMantle, Jill; Haslam, Jeanette _97815 |
||
| 245 | _aPhysiotherapy in Obstetrics and Gynaecology | ||
| 250 | _a2nd ed. | ||
| 260 | _aEdinbugh; Butterworth, 2004 | ||
| 300 | _axxiii,489p; ill: 25cm | ||
| 504 | _aAppendix, & index included | ||
| 650 |
_aPhysiotherapy _91959 |
||
| 650 |
_aObstetrics _95 |
||
| 650 |
_aGynaecology _9330 |
||
| 942 |
_2z _cO_SHELF |
||
| 999 |
_c3496 _d3496 |
||